[Event "GER-chT U20"]
[Site "Berlin"]
[Date "2005.12.30"]
[Round "7.6"]
[White "Mueller, Philipp1111"]
[Black "Jovanovic, Valter"]
[Result "1/2-1/2"]
[WhiteElo "1994"]
[BlackElo "1573"]
[PlyCount "131"]
[EventDate "2005.12.27"]
[EventType "team-swiss"]
[EventRounds "7"]
[EventCountry "GER"]
[SourceTitle "EXT 2022"]
[Source "ChessBase"]
[SourceDate "2021.10.06"]
[SourceVersion "1"]
[SourceVersionDate "2021.10.06"]
[SourceQuality "1"]
[WhiteTeam "Hamburger SK U20"]
[BlackTeam "Koeln Muelheim U20"]
[WhiteTeamCountry "GER"]
[BlackTeamCountry "GER"]

1. d4 d5 2. c4 c6 3. Nc3 Nf6 4. Bg5 e6 5. e3 Be7 6. Nf3 Nbd7 7. cxd5 exd5 8. Bd3 0-0 9. Qc2 h6 10. Bh4 Re8 11. 0-0 Ne4 12. Bxe7 Qxe7 13. b4 a6 14. a4 Nxc3 15. Qxc3 Nf6 16. Ne5 Nd7 17. Nf3 Nf6 18. b5 axb5 19. axb5 Bd7 20. bxc6 Bxc6 21. Ne5 Rac8 22. Qb2 Nd7 23. Nxc6 bxc6 24. Ra7 Rb8 25. Qc2 Qd6 26. Bf5 Nb6 27. Bh7+ Kf8 28. Bd3 Ra8 29. Rfa1 Rxa7 30. Rxa7 Ra8 31. Rxa8+ Nxa8 32. Qa2 Nc7 33. Qa7 g6 34. Qb6 Kg7 35. g3 Kf6 36. Bc2 Ne6 37. Ba4 Nd8 38. Kg2 Kg7 39. h3 Kf6 40. Qa6 Kg7 41. Qc8 h5 42. h4 Kf6 43. g4 hxg4 44. Qxg4 Ne6 45. h5 Kg7 46. hxg6 fxg6 47. Bc2 Nd8 48. f4 Qf6 49. Ba4 Qf5 50. Qh4 Qf6 51. Kg3 Qxh4+ 52. Kxh4 Kf7 53. Kg4 Kf6 54. Kh4 Kf5 55. Bc2+ Kf6 56. Kg4 Nf7 57. Kg3 Nd8 58. Kh4 Nf7 59. Ba4 Nd8 60. Kg4 Kg7 61. f5 Kf6 62. Bc2 gxf5+ 63. Bxf5 Nf7 64. Kf4 Ke7 65. Bg6 Kf6 66. Bxf7 1/2-1/2